[Event "Sebes Romanian Rapid op"]
[Site "Sebes"]
[Date "2022.12.02"]
[Round "1"]
[White "Sandea, Dorin Gheorghe"]
[Black "Cordea, David"]
[Result "0-1"]
[WhiteElo "1214"]
[BlackElo "2049"]
[PlyCount "54"]
[EventDate "2022.12.02"]
[EventType "swiss (rapid)"]
[EventRounds "8"]
[EventCountry "ROU"]
[SourceTitle "CBM 211 Extra"]
[Source "ChessBase"]
[SourceDate "2023.01.31"]
[SourceVersion "1"]
[SourceVersionDate "2023.01.31"]
[SourceQuality "1"]

1. e4 d5 2. exd5 Qxd5 3. Nc3 Qd8 4. d4 Nf6 5. Nf3 e6 6. Bg5 Be7 7. Bd3 0-0 8. 0-0 h6 9. Bd2 c5 10. dxc5 Bxc5 11. h3 Bd7 12. Re1 Qb6 13. Be3 Bxe3 14. Rxe3 Nc6 15. Rb1 Nb4 16. a3 Nxd3 17. Rxd3 Rfd8 18. Qe1 Bc6 19. b4 Rxd3 20. cxd3 Bxf3 21. gxf3 Rd8 22. Rd1 Qd4 23. Ne4 Nd5 24. Qe3 Nxe3 25. fxe3 Qxe3+ 26. Kg2 Rxd3 27. Rxd3 Qxd3 0-1

[Event "Satu Mare Foisor rapid 3rd"]
[Site "Satu Mare"]
[Date "2020.01.18"]
[Round "1"]
[White "Sandea, Dorin Gheorghe"]
[Black "Manolache, Marius"]
[Result "0-1"]
[WhiteElo "1346"]
[BlackElo "2541"]
[PlyCount "36"]
[EventDate "2020.01.18"]
[EventType "swiss (rapid)"]
[EventRounds "10"]
[EventCountry "ROU"]
[SourceTitle "CBM 194 Extra"]
[Source "ChessBase"]
[SourceDate "2020.03.31"]
[SourceVersion "1"]
[SourceVersionDate "2020.03.31"]
[SourceQuality "1"]

1. d4 Nf6 2. c4 Nc6 3. Nc3 e6 4. Nf3 Bb4 5. Bd2 0-0 6. e3 d6 7. Bd3 e5 8. h3 Re8 9. Qc2 Bxc3 10. Bxh7+ Nxh7 11. Bxc3 exd4 12. Nxd4 Ne5 13. b3 c5 14. Nf5 Bxf5 15. Qxf5 Qf6 16. Qc2 b5 17. f4 Qh4+ 18. Qf2 Nd3+ 0-1